The Discovery and conquest of Mexico (Record no. 3648)
[ view plain ]
| 000 -CABECERA | |
|---|---|
| campo de control de longitud fija | 01090nam a2200277 a 4500 |
| 001 - NÚMERO DE CONTROL | |
| campo de control | BRCA_3921 |
| 005 - FECHA Y HORA DE LA ÚLTIMA TRANSACCIÓN | |
| campo de control | 20190320204457.0 |
| 008 - DATOS DE LONGITUD FIJA--INFORMACIÓN GENERAL | |
| campo de control de longitud fija | 100110s1942----mx-a######---#000-0#eng-# |
| 041 ## - CÓDIGO DE LENGUA | |
| Código de lengua del texto/banda sonora o título independiente | eng |
| 044 ## - CÓDIGO DEL PAÍS DE LA ENTIDAD EDITORA/PRODUCTORA | |
| Código MARC del país | mx |
| 050 #4 - SIGNATURA TOPOGRÁFICA DE LA BIBLIOTECA DEL CONGRESO | |
| Número de clasificación | F1230 |
| Número de documento/Ítem | .D53 1942 |
| 100 1# - ENTRADA PRINCIPAL--NOMBRE DE PERSONA | |
| Nombre de persona | Diaz del Castillo, Bernal |
| Fechas asociadas al nombre | 1492-1581. |
| 9 (RLIN) | 10195 |
| 245 10 - MENCIÓN DE TÍTULO | |
| Título | The Discovery and conquest of Mexico |
| Resto del título | 1517-1521 |
| Mención de responsabilidad, etc. | edited from the only exact copy of the original manuscript by Genero García ; tr. with introd. and notes by A.P. Maudslay ; il. by Miguel Covarrubias ; with a new introduction by Harry Block. |
| 260 ## - PUBLICACIÓN, DISTRIBUCIÓN, ETC. | |
| Lugar de publicación, distribución, etc. | México |
| Nombre del editor, distribuidor, etc. | R. Loera y Chávez for the members of the limited Editions Club |
| Fecha de publicación, distribución, etc. | 1942 |
| 300 ## - DESCRIPCIÓN FÍSICA | |
| Extensión | 263 p. |
| Otras características físicas | il., col. |
| Dimensiones | 33 cm. |
| 500 ## - NOTA GENERAL | |
| Nota general | Firmado por el impresor, el ilustrador y el editor. |
| 500 ## - NOTA GENERAL | |
| Nota general | Incluye índice temático: p. 261-263. |
| 500 ## - NOTA GENERAL | |
| Nota general | C71 |
| 651 #4 - PUNTO DE ACCESO ADICIONAL DE MATERIA--NOMBRE GEOGRÁFICO | |
| Nombre geográfico | México |
| Subdivisión de forma | Historia |
| Subdivisión cronológica | Conquista, 1519-1540 |
| 9 (RLIN) | 10196 |
| 700 1# - PUNTO DE ACCESO ADICIONAL--NOMBRE DE PERSONA | |
| Nombre de persona | García, Genaro |
| 9 (RLIN) | 10197 |
| 700 1# - PUNTO DE ACCESO ADICIONAL--NOMBRE DE PERSONA | |
| Nombre de persona | Block, Harry |
| 9 (RLIN) | 10198 |
| 700 1# - PUNTO DE ACCESO ADICIONAL--NOMBRE DE PERSONA | |
| Nombre de persona | Covarrubias, Miguel |
| 9 (RLIN) | 10199 |
| 700 1# - PUNTO DE ACCESO ADICIONAL--NOMBRE DE PERSONA | |
| Nombre de persona | Maudslay, A.P. |
| 9 (RLIN) | 10200 |
| 902 ## - CATALOGADOR | |
| Iniciales | GFM |
| 942 ## - ELEMENTOS DE PUNTO DE ACCESO ADICIONAL (KOHA) | |
| Fuente del sistema de clasificación o colocación | Library of Congress Classification |
| Tipo de ítem Koha | Libros |
| Estado de retiro | Estado de pérdida | Estado dañado | No para préstamo | Localización permanente | Ubicación/localización actual | Fecha de adquisición | Número de inventario | Total de préstamos | Signatura topográfica completa | Código de barras | Fecha visto por última vez | Precio válido a partir de | Tipo de ítem Koha |
|---|---|---|---|---|---|---|---|---|---|---|---|---|---|
| El ejemplar forma parte de la colección y puede ser consultado según las políticas vigentes. | Biblioteca del Museo Franz Mayer (Rogerio Casas-Alatriste) | Biblioteca del Museo Franz Mayer (Rogerio Casas-Alatriste) | 10/01/2010 | C71 | F1230 .D53 1942 (C71) | 3918 | 22/03/2019 | 22/03/2019 | Libros |